000
00302nam a22001337a 4500
008
180109b xxu||||| |||| 00| 0 eng d
020
_a
9780176501730
041
_a
eng
080
_2
5 ED
_a
34
100
_a
13
101
_a
JUR
245
_a
CRIMINAL JUSTICE IN CANADA
_c
GOFF.C
942
_2
udc
_c
BK
999
_c
39828
_d
39828